| 000 | 00588nam a22002171c 4500 | ||
|---|---|---|---|
| 001 | a987677965 | ||
| 008 | 161114s2012 gw |||| 000u rus d | ||
| 020 |
_a9785235035409 _9978-5-235-03540-9 |
||
| 041 | _arus | ||
| 100 | 1 | _aŠokarev, Sergej Ju. | |
| 245 | 0 | 0 | _aPovsednevnaja žizn' srednevekovoj Moskvy |
| 264 |
_aMoskva : _bMolodaja gvardija, _c2012 |
||
| 300 | _a476 Seiten | ||
| 650 | 0 | _aMittelalter | |
| 650 | 0 | _aAlltag | |
| 651 | 0 | _aMoskau | |
| 942 | _cMG | ||
| 040 | _cRU-10907106 | ||
| 003 | RU-10907106 | ||
| 999 |
_c39670 _d39670 |
||
| 490 | 0 | _aŽivaja istorija : Povsednevnaja žizn' čelovecestva | |